Score 0/40 Timer 07:00
2 Plays Today
Start of Title Last Three Words % Correct
No Country...For Old Men
90%
The Silence...Of the Lambs
89.1%
The Fast...And the Furious
88.4%
How to Lose a Guy...In 10 Days
86.8%
Raiders of...The Lost Ark
85.8%
A Nightmare...On Elm Street
85.5%
O Brother...Where Art Thou?
84.2%
Four Weddings...And a Funeral
83.3%
As Good...As it Gets
80%
Fast Times...At Ridgemont High
67.2%
Fear and Loathing...In Las Vegas
62%
You Don't Mess...With the Zohan
60.5%
The Princess...And the Frog
60.4%
Guess Who's...Coming to Dinner
60.1%
Born on the...Fourth of July
59.8%
Cat on a...Hot Tin Roof
59.6%
2001...A Space Odyssey
59.5%
Pirates of the Caribbean...Dead Man's Chest
55.9%
Divine Secrets of...The Ya-Ya Sisterhood
55.8%
A River...Runs Through It
54.7%
Start of Title Last Three Words % Correct
The Bridges...Of Madison County
52.6%
Invasion of...The Body Snatchers
51.3%
Good Night...And Good Luck.
50.7%
A Shot...In the Dark
48.2%
Throw Momma...From the Train
42%
The Best Years...Of Our Lives
39.5%
Murder on...The Orient Express
37.5%
Arsenic...And Old Lace
37.2%
A Thin Line Between...Love and Hate
32.3%
Every Which...Way But Loose
32.1%
Percy Jackson and the Olympians...The Lightning Thief
29.5%
The Birth...Of a Nation
27.8%
The Life Aquatic...With Steve Zissou
26.6%
The Gods...Must Be Crazy
26%
The World...Is Not Enough
22.7%
On a Clear Day You...Can See Forever
21.1%
On Her...Majesty's Secret Service
20.1%
The Pride...Of the Yankees
18.7%
It Came...From Outer Space
14.6%
Mr. Deeds...Goes to Town
14.3%
Remove Ads.
Support Sporcle.
Get the best of Sporcle when you Go Orange. This ad-free experience offers more features, more stats, and more fun while also helping to support Sporcle. Thank you for becoming a member.

You're not logged in!

Compare scores with friends on all Sporcle quizzes.
OR
Log In

Show Comments

Extras

Top Quizzes Today


Score Distribution

Your Account Isn't Verified!

In order to create a playlist on Sporcle, you need to verify the email address you used during registration. Go to your Sporcle Settings to finish the process.

Report this User

Report this user for behavior that violates our Community Guidelines.

Details: